[Event "AUTO-OPEN-3924"]
[Site "http://www.queenalice.com/game.php?id=1551234"]
[Date "2018.11.30"]
[Round "3"]
[White "jocapeme"]
[Black "bobrich18"]
[Result "0-1"]
[WhiteElo "2337"]
[BlackElo "2414"]

1. e4 e5 2. Nf3 Nc6 3. Bc4 Nf6 4. Nc3 Nxe4 5. Nxe4 d5 6. Bd3 dxe4 7. Bxe4 Bd6 8.
O-O O-O 9. d3 Bg4 10. h3 Bh5 11. Re1 f5 12. Bd5+ Kh8 13. c3 Qf6 14. a3 Rae8 15.
Bd2 e4 16. dxe4 fxe4 17. Bxe4 Ne5 18. Be3 Nxf3+ 19. Bxf3 Bxf3 20. Qxf3 Qxf3 21.
gxf3 Rxf3 22. Rad1 Ref8 23. Re2 Rxh3 24. Bxa7 Kg8 25. Bd4 Rh5 26. Re6 Rg5+ 27.
Kf1 Rgf5 28. Ke2 Kf7 29. Re3 h5 30. Rg1 g5 31. Re4 h4 32. Rh1 Kg6 33. Re6+ Kh5
34. Be3 Rb5 35. b4 Re5 36. Rg1 Rff5 37. Rxe5 Bxe5 38. Kd3 Bf4 39. Ke4 Rf8 40.
Bxf4 Rxf4+ 41. Ke3 b5 42. Rh1 Rc4 43. Kd3 g4 44. Re1 h3 45. Re5+ Kg6 46. Re8 Rf4
47. Ke2 Rf3 48. Rg8+ Kf5 49. Rf8+ Ke5 50. Re8+ Kf6 51. Rf8+ Kg7 52. Rd8 Rxc3 53.
Rd4 Rc2+ 54. Kd3 Rc4 55. Rd5 Kg6 56. Rd8 Rf4 57. Ke2 Rf3 58. Rg8+ Kf5 59. Rf8+
Ke6 60. Re8+ Kd7 61. Rh8 Rxa3 62. Rh7+ Kd6 63. Rh4 Ra1 64. Ke3 Rb1 65. Rh6+ Ke5
66. Rh5+ Kf6 67. Kf4 Kg6 68. Rg5+ Kh6 69. Rg8 Rxb4+ 70. Kg3 Rb1 71. Kh2 Rb4 72.
Rh8+ Kg6 73. Rg8+ Kf5 74. Rc8 Rc4 75. Re8 c5 76. Rf8+ Ke5 77. Re8+ Kd4 78. Re1
Kd3 79. Re3+ Kc2 80. f3 Rc3 81. Re2+ Kd1 82. Re8 Rxf3 83. Rg8 Rf2+ 84. Kg3 Rg2+
85. Kf4 h2 86. Ra8 g3 87. Ra1+ Kc2 88. Ra2+ Kb3 89. Rxg2 h1=Q 90. Rxg3+ Kb4 0-1

[Event "AUTO-OPEN-3924"]
[Site "http://www.queenalice.com/game.php?id=1551235"]
[Date "2018.11.30"]
[Round "3"]
[White "bobrich18"]
[Black "jocapeme"]
[Result "1-0"]
[WhiteElo "2408"]
[BlackElo "2330"]

1. d4 d5 2. Nf3 Nc6 3. c4 e6 4. Nc3 Nf6 5. a3 Be7 6. e3 O-O 7. Qc2 b6 8. cxd5
exd5 9. Bd3 Na5 10. b4 Nb7 11. e4 dxe4 12. Nxe4 Nd6 13. Nxf6+ Bxf6 14. O-O Bb7
15. Ne5 Nb5 16. Bxb5 Bxe5 17. dxe5 Qd5 18. f3 Qxb5 19. Qxc7 Ba6 20. Rd1 Qe2 21.
Bf4 Rac8 22. Qd6 h6 23. Re1 Qc4 24. Re4 Qb3 25. e6 fxe6 26. Bxh6 Rf6 27. Bg5 Rg6
28. h4 Bb7 29. Re3 Qc4 30. Rae1 Qd5 31. Rd3 Qc4 32. Rd4 Qc7 33. Re5 Kh7 34. Qxc7
Rxc7 35. h5 Rxg5 36. Rxg5 Rc1+ 37. Kf2 Rc2+ 38. Kg3 Bd5 39. Rdg4 Rc7 40. Kf4 Bc6
41. Ke5 Bd5 42. b5 Re7 43. h6 gxh6 44. Rh4 Rf7 45. Rgh5 Kg7 46. Rxh6 Rf5+ 47.
Kd6 Bc4 48. Rh7+ Kg6 49. Rxa7 Bxb5 50. Kxe6 Rf6+ 51. Ke5 Rf5+ 52. Kd4 Bf1 53.
Rg4+ Kf6 54. Rag7 Ra5 55. R4g6+ Kf5 56. Rg5+ Kf6 57. Rxa5 bxa5 58. Ra7 Bxg2 59.
f4 Kf5 60. Ke3 a4 61. Rxa4 Bf1 62. Ra5+ Ke6 63. Kd4 Bg2 64. Re5+ Kf6 65. a4 Kf7
66. a5 Bb7 67. Kc5 Ba6 68. Kb6 Bf1 69. a6 Bg2 70. Kc7 Kf6 71. a7 Bh1 72. Kb8 Bc6
73. a8=Q Bxa8 74. Kxa8 1-0

[Event "AUTO-MASTER-2743"]
[Site "http://www.queenalice.com/game.php?id=1555788"]
[Date "2019.1.8"]
[Round "2"]
[White "Bruscato"]
[Black "jocapeme"]
[Result "1-0"]
[WhiteElo "2305"]
[BlackElo "2361"]

1. e4 e5 2. f4 f6 3. fxe5 fxe5 4. Qh5+ g6 5. Qxe5+ Qe7 6. Qxh8 Nf6 7. d3 Nc6 8.
Nf3 Qg7 9. Qxg7 Bxg7 10. Bd2 Nxe4 11. dxe4 Bxb2 12. Bc3 Bxa1 13. Bxa1 d6 14. Bb5
Bd7 15. Bxc6 Bxc6 16. Nc3 O-O-O 17. O-O Re8 18. Re1 Kd7 19. Nd5 Bxd5 20. exd5
Rxe1+ 21. Nxe1 c6 22. c4 a6 23. Bf6 h5 24. Nf3 Kc7 25. Nd4 cxd5 26. cxd5 b5 27.
Kf2 Kc8 28. Nc6 Kd7 29. Ke3 Kc7 30. Kf4 Kb6 31. Bd4+ Kb7 32. Na5+ Kc8 33. Kg5 b4
34. Kxg6 1-0

[Event "AUTO-MASTER-2743"]
[Site "http://www.queenalice.com/game.php?id=1555789"]
[Date "2019.1.8"]
[Round "2"]
[White "jocapeme"]
[Black "Bruscato"]
[Result "1-0"]
[WhiteElo "2337"]
[BlackElo "2364"]

1. e4 c5 2. Nf3 d6 3. Bc4 e6 4. Nc3 Nd7 5. d3 a6 6. a4 Ngf6 7. Be3 Be7 8. O-O
O-O 9. d4 cxd4 10. Nxd4 Nc5 11. f3 e5 12. Nf5 Bxf5 13. exf5 Rc8 14. a5 Qd7 15.
Nd5 Nxd5 16. Bxd5 Bf6 17. c3 Qc7 18. g4 h6 19. f4 exf4 20. Bxf4 Nd7 21. Bxd6 1-0

[Event "AUTO-MASTER-2743"]
[Site "http://www.queenalice.com/game.php?id=1555792"]
[Date "2019.1.8"]
[Round "2"]
[White "Rachman"]
[Black "jocapeme"]
[Result "1/2-1/2"]
[WhiteElo "2392"]
[BlackElo "2327"]

1. c4 e5 2. g3 Nf6 3. Bg2 Nc6 4. Nf3 Bc5 5. e3 d6 6. O-O O-O 7. d4 exd4 8. exd4
Bb6 9. a3 Bg4 10. h3 Bxf3 11. Bxf3 Nxd4 12. Bxb7 Rb8 13. Bg2 Nb3 14. Ra2 Nxc1
15. Qxc1 Re8 16. b4 Qd7 17. Nc3 Re5 18. Re2 Rbe8 19. Rxe5 1/2-1/2

[Event "AUTO-MASTER-2743"]
[Site "http://www.queenalice.com/game.php?id=1555793"]
[Date "2019.1.8"]
[Round "2"]
[White "jocapeme"]
[Black "Rachman"]
[Result "1/2-1/2"]
[WhiteElo "2347"]
[BlackElo "2425"]

1. e4 e6 2. Nc3 d5 3. d3 Nf6 4. Bg5 Be7 5. Nf3 d4 6. Ne2 c5 7. Ng3 h6 8. Bxf6
Bxf6 9. Nh5 O-O 10. Nxf6+ Qxf6 11. Be2 e5 12. O-O Nc6 13. a3 b6 14. Re1 Rb8 15.
c4 a5 16. b3 g6 17. h3 Kg7 18. Qd2 Bd7 19. Bd1 Rh8 20. Be2 Qe7 21. Ra2 f6 22.
Nh2 h5 23. Nf3 g5 24. Nh2 Qf7 25. Nf1 Qg6 26. Ng3 Kf7 27. Qd1 g4 28. h4 Ke7 29.
Rb2 Kd8 30. Qd2 Kc7 31. b4 axb4 32. axb4 Nxb4 33. Rxb4 cxb4 34. Qxb4 Rhc8 35. c5
Qe8 36. Ra1 bxc5 37. Qxc5+ Kd8 38. Qd6 Qe7 39. Qa6 Rc6 40. Qa5+ Ke8 41. Nxh5 Kf7
42. Qd5+ Kf8 43. Ng3 Rc5 44. Qa2 Rbc8 45. Qd2 Qh7 46. h5 Be6 47. Bd1 Kg8 48. Ra6
R5c6 49. Ra1 Qf7 50. Rb1 Kh7 51. Ba4 Ra6 52. Qb4 Ra7 53. Bd1 Rcc7 54. Be2 Rab7
55. Qe1 Rxb1 56. Qxb1 Rc3 57. Bf1 Qc7 58. Ne2 Rb3 59. Qa2 Qe7 60. Qa6 Ra3
1/2-1/2

[Event "AUTO-MASTER-2743"]
[Site "http://www.queenalice.com/game.php?id=1555796"]
[Date "2019.1.8"]
[Round "2"]
[White "jocapeme"]
[Black "InnerPiece"]
[Result "1-0"]
[WhiteElo "2320"]
[BlackElo "2405"]

1. e4 c5 2. Nf3 Nc6 3. c3 Nf6 4. d3 g6 5. Bg5 Bg7 6. Be2 O-O 7. Nbd2 d6 8. a4
Bg4 9. O-O Rb8 10. h3 Bd7 11. Qb3 a6 12. d4 h6 13. Be3 cxd4 14. cxd4 a5 15. Bc4
Nb4 16. e5 d5 17. Bb5 Ne8 18. Rac1 Nc7 19. Bxd7 Qxd7 20. Rfd1 Rfc8 21. Nb1 b5
22. Nc3 bxa4 23. Nxa4 Nba6 24. Qa3 Nb5 25. Rxc8+ Qxc8 26. Qxe7 Rb7 27. Qh4 g5
28. Qh5 Qc2 29. Rc1 Qg6 30. Rc8+ Bf8 31. Qxg6+ fxg6 32. Rc6 Nb4 33. Rxg6+ Kh7
34. Rf6 Be7 35. Re6 Bd8 36. Nc5 Re7 37. Rf6 Ra7 38. Rf8 Nc6 39. Ne6 Be7 40. Rc8
Ra6 41. Re8 Kg6 42. Rh8 Nb4 43. Rb8 Na7 44. Rb7 Nc8 45. Nc5 Rb6 46. Rd7 Kf7 47.
Na4 Rb8 48. Rc7 Nb6 49. Nc5 Na8 50. Ra7 1-0

[Event "AUTO-MASTER-2743"]
[Site "http://www.queenalice.com/game.php?id=1555797"]
[Date "2019.1.8"]
[Round "2"]
[White "InnerPiece"]
[Black "jocapeme"]
[Result "1/2-1/2"]
[WhiteElo "2393"]
[BlackElo "2335"]

1. e4 e5 2. f4 Nc6 3. Nf3 d6 4. Bc4 Nf6 5. d3 Be7 6. O-O O-O 7. Nc3 Be6 8. f5
Bxc4 9. dxc4 a6 10. Bg5 Ng4 11. Bd2 Nf6 12. Kh1 h6 13. Qe2 Nd4 14. Nxd4 exd4 15.
Nd1 Nd7 16. Nf2 c5 17. Nd3 Re8 18. Rae1 b5 19. cxb5 axb5 20. a3 Nf6 21. Qf3 d5
22. e5 Ne4 23. Rxe4 dxe4 24. Qxe4 Ra6 25. Qg4 Bg5 26. Be1 Rc6 27. h4 Be3 28. Rf3
h5 29. Qxh5 Rh6 30. Qg4 c4 31. Nc5 d3 32. Ne6 Rexe6 33. fxe6 d2 34. Bxd2 Rxh4+
35. Qxh4 Qxh4+ 36. Rh3 Qf2 37. Bxe3 Qf1+ 38. Kh2 fxe6 39. Bd2 Qe2 40. Bc3 Qxc2
41. Rf3 Qh7+ 42. Kg1 Qe4 43. Kf2 Qc2+ 44. Kg3 g5 45. Rf6 Qe4 46. Kf2 Qh4+ 47. g3
Qe4 48. Kg1 Qd5 49. Kh2 Qc6 50. Kh3 Qe4 51. Rf2 Kg7 52. Rf6 Qd5 53. Kg4 Qd3 54.
Kxg5 Qxg3+ 55. Kh5 Qg2 56. Kh4 1/2-1/2

[Event "AUTO-INT-3335"]
[Site "http://www.queenalice.com/game.php?id=1556100"]
[Date "2019.1.10"]
[Round "2"]
[White "ismaelfln"]
[Black "jocapeme"]
[Result "0-1"]
[WhiteElo "1646"]
[BlackElo "2350"]

1. e4 e5 2. Nf3 Nc6 3. Bb5 a6 4. Bxc6 bxc6 5. Nxe5 Qe7 6. O-O Qxe5 7. d3 Bb7 8.
Nd2 Nf6 9. Nf3 Qh5 10. Bg5 Be7 11. Bxf6 Bxf6 12. c3 O-O 13. d4 c5 14. dxc5 Bxe4
15. Qxd7 Rfd8 16. Qxc7 Bxf3 17. gxf3 Be5 0-1

[Event "AUTO-INT-3335"]
[Site "http://www.queenalice.com/game.php?id=1556101"]
[Date "2019.1.10"]
[Round "2"]
[White "jocapeme"]
[Black "ismaelfln"]
[Result "1-0"]
[WhiteElo "2351"]
[BlackElo "1644"]

1. e4 e5 2. Nf3 Nc6 3. Bc4 h6 4. Nc3 Bb4 5. a3 Bxc3 6. bxc3 Nf6 7. O-O O-O 8. d4
exd4 9. cxd4 a6 10. e5 Ne4 11. Qe2 Nc3 12. Qe3 Na4 13. Qb3 b5 14. Bd5 Bb7 15.
Qd3 Nb6 16. Be4 g6 17. Bxh6 Re8 18. Bxg6 1-0

[Event "AUTO-MASTER-2748"]
[Site "http://www.queenalice.com/game.php?id=1557220"]
[Date "2019.1.18"]
[Round "2"]
[White "cerenzo72"]
[Black "jocapeme"]
[Result "0-1"]
[WhiteElo "2266"]
[BlackElo "2352"]

1. e4 e5 2. Nf3 Nc6 3. Bb5 a6 4. Bxc6 bxc6 5. Nxe5 Qe7 6. d4 d6 7. Nxc6 Qxe4+ 8.
Qe2 Qxe2+ 9. Kxe2 Bb7 10. d5 Bxc6 11. dxc6 Ne7 12. b3 Nxc6 13. Bb2 Rg8 14. Re1
O-O-O 15. Kf1 d5 16. a3 Bc5 17. b4 Bd4 18. c3 Bf6 19. Nd2 Ne5 20. Re3 Ng4 21.
Re2 Nxh2+ 22. Kg1 Ng4 23. Rae1 Rd7 24. f3 Nh6 25. Nb3 Nf5 26. Nc5 Rdd8 27. Nxa6
c6 28. a4 Bh4 29. Rb1 Rge8 30. Rxe8 Rxe8 31. Nc5 Re2 32. Nd3 Ne3 33. Nf4 Bf2+
34. Kh2 Rc2 35. Ba1 Bh4 36. Rb2 Rxc3 37. a5 Nc2 38. Rb1 Nxa1 39. Rxa1 Be7 40. a6
Kb8 41. b5 Bd6 42. g3 Rc2+ 43. Ng2 cxb5 44. Kh3 Ka7 45. Ne3 Rc5 46. Nf5 Be5 47.
Ra2 b4 48. f4 b3 49. Ra3 b2 50. Rb3 Bf6 51. Nd6 Rc1 0-1

[Event "AUTO-MASTER-2748"]
[Site "http://www.queenalice.com/game.php?id=1557221"]
[Date "2019.1.18"]
[Round "2"]
[White "jocapeme"]
[Black "cerenzo72"]
[Result "1-0"]
[WhiteElo "2329"]
[BlackElo "2208"]

1. e4 c5 2. Nc3 g6 3. Nf3 Bg7 4. Bc4 e6 5. O-O a6 6. d3 Nc6 7. Be3 d6 8. d4 cxd4
9. Nxd4 Nge7 10. Nxc6 bxc6 11. Bb3 Bb7 12. Bd4 e5 13. Be3 O-O 14. Qe2 d5 15. Bc5
d4 16. Na4 a5 17. Bc4 Rb8 18. Rad1 h5 19. f4 exf4 20. Rxf4 Be5 21. Qf2 Bxf4 22.
Qxf4 Kh7 23. Nb6 Ba8 24. Rxd4 Nd5 25. exd5 cxd5 26. Nxa8 Rxa8 27. Rxd5 Qe8 28.
Be3 Qc6 29. Qh6+ Kg8 30. Bd4 1-0

[Event "AUTO-MASTER-2748"]
[Site "http://www.queenalice.com/game.php?id=1557226"]
[Date "2019.1.18"]
[Round "2"]
[White "jocapeme"]
[Black "GildemarSantos"]
[Result "1/2-1/2"]
[WhiteElo "2379"]
[BlackElo "2121"]

1. e4 c5 2. Nf3 d6 3. Bc4 e6 4. Nc3 Nc6 5. O-O Be7 6. Re1 Nf6 7. d4 cxd4 8. Nxd4
Bd7 9. Be3 O-O 10. a4 a6 11. Nxc6 Bxc6 12. Bd3 Qc7 13. Qf3 d5 14. exd5 Nxd5 15.
Qh3 g6 16. Nxd5 Bxd5 17. c4 Bc6 18. Bd4 Rad8 19. Bc3 Bc5 20. Be4 Qf4 21. Qg3
Qxg3 22. hxg3 Bd4 23. Bxc6 bxc6 24. Rad1 Bxc3 25. bxc3 c5 26. a5 Kg7 27. g4 Kf6
28. f3 Ke7 29. Rd5 h6 30. Rxc5 Rc8 31. Rxc8 Rxc8 32. Rb1 Rxc4 33. Rb7+ Kf6 34.
Ra7 Rc6 35. c4 e5 36. Kf2 Rxc4 37. Rxa6+ Kg5 38. Ra8 Rc2+ 39. Kg3 Ra2 40. a6 h5
41. gxh5 gxh5 42. Rg8+ Kf6 43. Ra8 Ra4 44. Kh3 h4 45. g4 hxg3 46. Kxg3 Kf5 47.
Ra7 f6 48. Ra8 Ra3 49. a7 Ra4 50. Kh3 Ra2 51. Kg3 Ra3 52. Kg2 Ra2+ 53. Kg3 Ra3
54. Kg2 1/2-1/2

[Event "AUTO-MASTER-2748"]
[Site "http://www.queenalice.com/game.php?id=1557227"]
[Date "2019.1.18"]
[Round "2"]
[White "GildemarSantos"]
[Black "jocapeme"]
[Result "0-1"]
[WhiteElo "2103"]
[BlackElo "2355"]

1. e4 e5 2. Nf3 Nc6 3. Bc4 Qe7 4. c3 Nf6 5. d3 g6 6. O-O d6 7. Re1 Bg4 8. Nbd2
Bg7 9. h3 Be6 10. d4 exd4 11. cxd4 Bxc4 12. Nxc4 O-O 13. d5 Nb8 14. e5 dxe5 15.
Nfxe5 Qc5 16. d6 b5 17. Be3 Qd5 18. dxc7 bxc4 19. cxb8=Q Raxb8 20. Qd4 Qb5 21.
f4 Qxb2 22. Qxc4 Qb7 23. Rab1 Qxb1 24. Rxb1 Rxb1+ 25. Kh2 Rb7 26. Qc6 Rb2 27. a4
Nh5 28. a5 Rb3 29. Ng4 Rbb8 30. a6 Ra8 0-1

[Event "AUTO-MASTER-2748"]
[Site "http://www.queenalice.com/game.php?id=1557228"]
[Date "2019.1.18"]
[Round "2"]
[White "jocapeme"]
[Black "Vilnius"]
[Result "1-0"]
[WhiteElo "2324"]
[BlackElo "2116"]

1. e4 e5 2. Nf3 d6 3. Bc4 h6 4. Nc3 a6 5. d3 Nf6 6. Be3 Nc6 7. O-O Be6 8. Bxe6
fxe6 9. d4 exd4 10. Bxd4 e5 11. Be3 Qd7 12. Nd5 Nxe4 13. Nh4 O-O-O 14. Bb6 Nf6
15. Bxc7 Re8 16. Nb6+ Kxc7 17. Nxd7 Kxd7 18. Ng6 Rg8 19. Re1 Kc7 20. Qd2 Re6 21.
c4 Nh5 22. Qd5 Kd7 23. c5 Be7 24. Qb3 Rb8 25. Qh3 Nf6 26. Nf4 Nd4 27. Rad1 exf4
28. Rxd4 1-0

[Event "AUTO-MASTER-2748"]
[Site "http://www.queenalice.com/game.php?id=1557229"]
[Date "2019.1.18"]
[Round "2"]
[White "Vilnius"]
[Black "jocapeme"]
[Result "0-1"]
[WhiteElo "2122"]
[BlackElo "2318"]

1. e4 e5 2. Nf3 Nc6 3. d4 d6 4. dxe5 dxe5 5. Qxd8+ Kxd8 6. Ng5 Nh6 7. Bc4 Nd4 8.
Bb3 Bg4 9. Be3 Bc5 10. Bxd4 Bxd4 11. c3 Bb6 12. O-O f6 13. Nf7+ Nxf7 14. Bxf7
Ke7 15. Bb3 Rad8 16. Na3 Be2 17. Rfe1 Rd2 18. Nc2 Rhd8 19. Ne3 Bxe3 20. fxe3 Bd3
21. Rad1 Bxe4 22. Rxd2 Rxd2 23. Rd1 Rxg2+ 24. Kf1 Rxh2 25. Ke1 h5 26. Ba4 c6 27.
Rd2 Rxd2 28. Kxd2 h4 0-1

[Event "AUTO-ELITE-2113"]
[Site "http://www.queenalice.com/game.php?id=1568789"]
[Date "2019.4.25"]
[Round "1"]
[White "AyltonChessGM"]
[Black "jocapeme"]
[Result "0-1"]
[WhiteElo "2285"]
[BlackElo "2359"]

1. f4 d5 2. Nf3 Nc6 3. d3 Nf6 4. e3 Bg4 5. Be2 e6 6. O-O Bc5 7. h3 Bxf3 8. Bxf3
O-O 9. a3 e5 10. fxe5 Nxe5 11. Nc3 Nxf3+ 12. Qxf3 c6 13. Bd2 Re8 14. Rae1 Re6
15. b4 Be7 16. g4 h6 17. Kg2 Qb6 18. e4 dxe4 19. Nxe4 Rf8 20. Bc3 Nd5 21. Ba1
Bh4 22. Re2 Bg5 23. Nxg5 Nf4+ 24. Kh1 Rxe2 25. Qxf4 hxg5 26. Qxg5 f6 27. Qc1 Qc7
28. Rf4 g5 29. Qd1 Rfe8 0-1

[Event "AUTO-ELITE-2113"]
[Site "http://www.queenalice.com/game.php?id=1568790"]
[Date "2019.4.25"]
[Round "1"]
[White "jocapeme"]
[Black "AyltonChessGM"]
[Result "1-0"]
[WhiteElo "2369"]
[BlackElo "2292"]

1. e4 c5 2. Nf3 Nc6 3. Bc4 e6 4. Nc3 d6 5. O-O Nf6 6. Re1 Be7 7. d4 cxd4 8. Nxd4
Nxd4 9. Qxd4 O-O 10. h3 h6 11. Be3 a6 12. a4 Qc7 13. f3 Bd7 14. Qd3 Rac8 15. Bb3
Qb8 16. f4 b5 17. axb5 axb5 18. Ra6 Ne8 19. Rea1 Bd8 20. Ba7 Qb7 21. Bd4 Bc6 22.
Nd5 exd5 23. exd5 Bxd5 24. Ra7 Qb8 25. Bxd5 Bb6 26. Rb7 Bxd4+ 27. Qxd4 Qxb7 28.
Bxb7 Rxc2 29. Ra8 Rc7 30. Qb6 Rc1+ 31. Kh2 Rc4 32. Bc6 Nf6 33. Rxf8+ Kxf8 34.
Qd8+ 1-0

[Event "AUTO-ELITE-2113"]
[Site "http://www.queenalice.com/game.php?id=1568793"]
[Date "2019.4.25"]
[Round "1"]
[White "Diadoco"]
[Black "jocapeme"]
[Result "1/2-1/2"]
[WhiteElo "2259"]
[BlackElo "2349"]

1. e4 e5 2. Nf3 Nc6 3. Bc4 Nh6 4. d4 d6 5. Bxh6 gxh6 6. dxe5 dxe5 7. Qxd8+ Nxd8
8. Nxe5 Bg7 9. Nd3 O-O 10. O-O Ne6 11. Nd2 Bd7 12. Nf3 Rae8 13. Rad1 Ng5 14.
Rfe1 Nxe4 15. h3 Nd6 16. Nde5 Nxc4 17. Nxc4 Rxe1+ 18. Nxe1 Be6 19. b3 Bxc4 20.
bxc4 Bf6 21. Rd7 Rd8 22. Rxd8+ Bxd8 23. Nd3 Be7 24. g4 b6 25. f4 Kg7 26. Kf2 h5
27. g5 h6 28. gxh6+ Kxh6 29. Kf3 a6 30. a4 a5 31. Ke4 Kg6 32. Ne5+ Kf6 33. Nc6
Bc5 34. Ne5 Be7 35. Nc6 Bc5 36. Ne5 1/2-1/2

[Event "AUTO-ELITE-2113"]
[Site "http://www.queenalice.com/game.php?id=1568794"]
[Date "2019.4.25"]
[Round "1"]
[White "jocapeme"]
[Black "Diadoco"]
[Result "1-0"]
[WhiteElo "2346"]
[BlackElo "2255"]

1. e4 c5 2. Nf3 d6 3. Bc4 Nf6 4. Nc3 e6 5. d3 Be7 6. O-O h6 7. Be3 a6 8. d4 cxd4
9. Nxd4 b5 10. Bd3 Bb7 11. f3 Nc6 12. Nxc6 Bxc6 13. a4 b4 14. Ne2 O-O 15. Nd4
Bb7 16. Qe1 a5 17. Qg3 Kh8 18. b3 Ng8 19. Nb5 e5 20. Bc4 Bc6 21. Rfd1 Qb8 22. c3
Bxb5 23. axb5 bxc3 24. Rac1 Nf6 25. Rxc3 a4 26. bxa4 Rxa4 27. Qf2 Nd7 28. Qc2
Qa8 29. Bd5 Qa5 30. Rc7 Rd8 31. Ra7 Qxa7 32. Bxa7 Rxa7 33. Bxf7 Rb7 34. Qc6 Nc5
35. Be6 Rbb8 36. Bf5 Nb3 37. Qc7 Bf8 38. b6 Nd4 39. Rxd4 exd4 40. b7 d3 41. Kf1
d5 42. e5 d2 43. Ke2 Bb4 44. Bc8 1-0